000 00887nam a2200241 i 4500
001 189185
003 SpMaBN
005 20260203063035.0
008 190423s2004 sp |||| |dspa d
020 _a84-8191-628-5
080 _a821.134.2 Crespo, Ángel 1.07
100 1 _aArdanuy, Jordi,
_d1962-
_9166861
245 1 3 _aLa poesía de Ángel Crespo
_b: (límite, símbolo y trascendencia) /
_cJordi Ardanuy.
260 _aValencia :
_bPre-Textos,
_c[2004]
300 _a353 p. ;
_c25 cm.
500 _aCronología.
504 _aBibliografía: p. 303-343.
586 _aIV Premio Internacional "Gerardo Diego" de Investigación Literaria 2004
600 1 7 _aCrespo, Ángel,
_d1926-1995-
_xCrítica e interpretación
_2
_9166862
852 _aES-MaACL
_jA-14474
_9196323
_bR.151907
_cDEPO1
_dOlim: N-7474
_hDonación: Editorial
942 _2udc
999 _c189185
_d189185